| 000 | 00382nam a22001337a 4500 | ||
|---|---|---|---|
| 008 | 160514b xxu||||| |||| 00| 0 eng d | ||
| 020 | _a9712709957 | ||
| 082 |
_22000 _aDFil 659.1 _bOw3 |
||
| 245 | _aArt and advertising/ | ||
| 260 |
_aPasig City: _bAnvil Publishing House, _cc2000. |
||
| 300 |
_a148 pages: _billustrations; _c26.5 cm. |
||
| 650 | 0 |
_98199 _aAdvertising |
|
| 942 |
_2ddc _cDFIL |
||
| 999 |
_c2477 _d2477 |
||